[Event "Titled Tue 26th Aug Late"]
[Site "chess.com INT"]
[Date "2025.08.26"]
[Round "1"]
[White "Rogov, Matfey"]
[Black "Manukian, Artak"]
[Result "1-0"]
[WhiteTitle "FM"]
[WhiteElo "2348"]
[BlackElo "2104"]
[WhiteFideId "44191308"]
[BlackFideId "13301373"]
[EventDate "2025.08.26"]

1. e4 c5 2. Nf3 a6 3. d4 cxd4 4. Nxd4 Nf6 5. Nc3 e5 6. Nf3 Bb4 7. Bd3 d5 8. Bg5
dxe4 9. Bxe4 Qxd1+ 10. Rxd1 Bxc3+ 11. bxc3 Nc6 12. Bxc6+ bxc6 13. Nxe5 Be6 14.
Nxc6 Ne4 15. Bd2 Bxa2 16. O-O O-O 17. Rfe1 Nc5 18. c4 Rfe8 19. Bb4 Rxe1+ 20.
Rxe1 Ne6 21. c5 Kf8 22. Ne5 a5 23. Ba3 Ke8 24. c6 Rd8 25. f4 g6 26. Nd7 Rc8 27.
Rd1 f5 28. Nf6+ Kf7 29. Bb2 Rc7 30. g3 a4 31. Nxh7 Rxc6 32. Rd7+ Ke8 33. Nf6+
Kf8 34. Ba3+ Nc5 35. Ra7 Rxf6 36. Bxc5+ Ke8 37. Rxa4 Bd5 38. Rd4 Be4 39. c3 Ra6
40. Rd2 Ra1+ 41. Kf2 Rh1 42. Ke3 Rf1 43. Kd4 Kd7 44. Ke5+ Kc6 45. Bb4 Rh1 46.
Kf6 Kb5 47. Kxg6 Kc4 48. Rd4+ Kb3 49. Kf6 Rxh2 50. g4 Rh6+ 51. Kg5 1-0

[Event "Titled Tue 26th Aug Late"]
[Site "chess.com INT"]
[Date "2025.08.26"]
[Round "1"]
[White "Alvarado, Carlos"]
[Black "Germanovs, Georgijs"]
[Result "0-1"]
[WhiteTitle "CM"]
[BlackTitle "CM"]
[WhiteElo "2032"]
[BlackElo "2260"]
[WhiteFideId "3800555"]
[BlackFideId "11609710"]
[EventDate "2025.08.26"]

1. Nf3 Nf6 2. e3 d5 3. b3 c5 4. Bb2 Nc6 5. Bb5 g6 6. Bxc6+ bxc6 7. O-O Bg7 8.
Ne5 Qc7 9. f4 O-O 10. Qc1 Rd8 11. Nc3 d4 12. Na4 dxe3 13. dxe3 Ne4 14. Nd3 Ba6
15. Bxg7 Kxg7 16. Rd1 c4 17. Qb2+ Kg8 18. Qe5 Qxe5 19. Nxe5 c3 20. Nxc6 Rd2 21.
Nxc3 Rxc2 22. Nxe7+ Kf8 23. Nxe4 Kxe7 24. Rd2 Rxd2 25. Nxd2 Rc8 26. Nf3 Rc2 27.
b4 Bb7 28. a4 Re2 29. Ra3 Rb2 30. b5 Kd6 31. Rc3 Ra2 32. Rc4 Bd5 33. Rd4 Kc5 34.
h4 f5 35. Kf1 Bc4+ 36. Kg1 Rxa4 37. Ne5 Ra1+ 38. Kf2 Bxb5 39. h5 gxh5 40. Kg3 a5
41. Rd8 Re1 42. Rc8+ Kb4 43. Kh4 Rxe3 44. Kxh5 Rg3 45. Kh4 Rxg2 46. Rc7 a4 47.
Ra7 a3 48. Nf3 a2 49. Nd4 Bc4 50. Nc6+ Kc3 51. Ne5 Bb3 52. Kh5 Rg1 53. Kh6 a1=Q
54. Rxa1 Rxa1 55. Kxh7 Rf1 56. Ng6 Bf7 57. Ne5 Be8 58. Kg7 Rxf4 59. Kf6 Rf1 60.
Ke7 Re1 0-1

[Event "Titled Tue 26th Aug Late"]
[Site "chess.com INT"]
[Date "2025.08.26"]
[Round "1"]
[White "Munoz, Francisco Javier"]
[Black "Purygin, Andrei"]
[Result "1-0"]
[WhiteTitle "FM"]
[BlackTitle "FM"]
[WhiteElo "2389"]
[BlackElo "2309"]
[WhiteFideId "128368"]
[BlackFideId "24111180"]
[EventDate "2025.08.26"]

1. e4 e5 2. Nf3 d5 3. d3 dxe4 4. dxe4 Qxd1+ 5. Kxd1 Nc6 6. Bc4 Bg4 7. c3 O-O-O+
8. Ke2 f6 9. h3 Bh5 10. a4 a5 11. Be3 Nge7 12. Na3 f5 13. g4 fxe4 14. Ng5 Bg6
15. Rad1 Rxd1 16. Rxd1 h6 17. Ne6 Bf7 18. Nb5 Bxe6 19. Bxe6+ Kb8 20. Rd7 g5 21.
Rxc7 Bg7 22. Bb6 Bf6 23. Ke3 Ng6 24. Nd6 Nf4 25. Rxb7+ Ka8 26. Bf7 Rb8 27. Rxb8+
Kxb8 28. Kxe4 Nxh3 29. f3 Ne7 30. Nb5 Nf2+ 31. Ke3 Nd1+ 32. Ke2 Nxb2 33. Bb3 Ng6
34. Bxa5 Nf4+ 35. Kd2 Nbd3 36. Bb4 Kb7 37. Nd6+ Kc6 38. Ne4 Bg7 39. Bc4 Nb2 40.
Bb5+ Kb6 41. Be8 Nc4+ 42. Kc2 Na5 43. Bc5+ Ka6 44. Bb5+ Kb7 45. Bb4 Nc6 46. Nd6+
Kb6 47. Nc4+ Kc7 48. Bd6+ Kb7 49. Bxc6+ Kxc6 50. Bxe5 Bxe5 51. Nxe5+ Kc5 52.
Nd3+ Kb6 53. Nxf4 gxf4 54. Kb3 1-0

[Event "Titled Tue 26th Aug Late"]
[Site "chess.com INT"]
[Date "2025.08.26"]
[Round "1"]
[White "Gorbenko, Rustem"]
[Black "Poleg, Matan"]
[Result "0-1"]
[WhiteTitle "CM"]
[BlackTitle "FM"]
[WhiteElo "2201"]
[BlackElo "2277"]
[WhiteFideId "14111438"]
[BlackFideId "2811472"]
[EventDate "2025.08.26"]

1. d4 Nf6 2. c4 e6 3. Nf3 d5 4. Nc3 a6 5. cxd5 exd5 6. Bg5 Be6 7. e3 Nbd7 8. Bd3
Bd6 9. Qc2 h6 10. Bh4 c6 11. O-O-O Qc7 12. Kb1 O-O-O 13. e4 dxe4 14. Nxe4 Be7
15. Nc5 Nxc5 16. dxc5 Qa5 17. Bc4 Qxc5 18. Bxe6+ fxe6 19. Qxc5 Bxc5 20. Rhe1
Rxd1+ 21. Rxd1 g5 22. Bg3 Ne4 23. Re1 Nxg3 24. fxg3 Re8 25. Ne5 Kc7 26. Rf1 Rf8
27. Rd1 Bd6 28. Nc4 Be7 29. Ne5 Bf6 30. Ng4 Bg7 31. Rd2 h5 32. Ne3 Rd8 33. Re2
Bd4 34. Nc4 e5 35. b3 b5 36. Nd2 Rf8 37. h3 g4 38. Ne4 Rf1+ 39. Kc2 c5 40. a4
Kc6 41. axb5+ axb5 42. Kd3 Kd5 43. Nd2 Rf2 44. Rxf2 Bxf2 45. Ne4 c4+ 46. bxc4+
bxc4+ 47. Ke2 Bd4 48. Nf6+ Kc5 49. hxg4 hxg4 50. Nxg4 Kb4 51. Nf6 Kb3 52. Nd5 c3
53. Nxc3 Kxc3 54. Kf3 Kd3 55. g4 e4+ 56. Kf4 e3 57. g5 e2 58. g6 e1=Q 59. g7
Qe4+ 0-1

[Event "Titled Tue 26th Aug Late"]
[Site "chess.com INT"]
[Date "2025.08.26"]
[Round "1"]
[White "Bonin, Jay"]
[Black "Pliukha, Myhajlo"]
[Result "0-1"]
[WhiteTitle "IM"]
[WhiteElo "2077"]
[BlackElo "2209"]
[WhiteFideId "2000644"]
[BlackFideId "14164698"]
[EventDate "2025.08.26"]

1. d4 Nf6 2. c3 e6 3. Bg5 d5 4. Nd2 h6 5. Bxf6 Qxf6 6. Ngf3 c5 7. dxc5 Bxc5 8.
e4 O-O 9. Bd3 Nc6 10. O-O Rd8 11. Qe2 Bb6 12. Rad1 dxe4 13. Nxe4 Qe7 14. Ng3 e5
15. h4 Bg4 16. Qe4 Rxd3 17. Rxd3 h5 18. Ng5 g6 19. Kh2 Kg7 20. f3 Be6 21. Nxh5+
Kg8 22. Nxe6 Qxe6 23. Ng3 Re8 24. Rfd1 f5 25. Qd5 Bc7 26. Qxe6+ Rxe6 27. Rd7 Bb6
28. h5 e4 29. hxg6 exf3 30. Nxf5 Rxg6 31. gxf3 Kf8 32. Rxb7 Ne5 33. f4 Ng4+ 34.
Kh3 Nf2+ 35. Kh4 Nxd1 36. b4 Nf2 37. a4 Rf6 38. Kg5 Ne4+ 39. Kg4 Nf2+ 40. Kg5
Ne4+ 41. Kg4 Bd8 42. Rb8 Ke8 43. a5 Nxc3 44. b5 Nd5 45. b6 axb6 46. a6 Nc7 47.
a7 Kd7 48. a8=Q Nxa8 49. Rxa8 Bc7 50. Ra7 Kc6 51. Kg5 Rf7 52. Nd4+ Kd5 53. Nb5
Bxf4+ 0-1

[Event "Titled Tue 26th Aug Late"]
[Site "chess.com INT"]
[Date "2025.08.26"]
[Round "1"]
[White "Smieszek, Wojciech"]
[Black "Mekhitarian, Krikor Sevag"]
[Result "1-0"]
[WhiteTitle "CM"]
[BlackTitle "GM"]
[WhiteElo "2141"]
[BlackElo "2549"]
[WhiteFideId "1156047"]
[BlackFideId "2107660"]
[EventDate "2025.08.26"]

1. e4 c5 2. Nf3 Nc6 3. d4 cxd4 4. Nxd4 Nf6 5. Nc3 e5 6. Ndb5 d6 7. Nd5 Nxd5 8.
exd5 Nb8 9. a4 Be7 10. Be2 O-O 11. O-O Nd7 12. Be3 a6 13. Na3 f5 14. f4 g5 15.
fxg5 f4 16. Bf2 Bxg5 17. Nc4 Nf6 18. Bb6 Qe7 19. Qd2 Bf5 20. Rad1 Be4 21. Bf3
Bxf3 22. gxf3 Rac8 23. Qb4 Ne8 24. Kh1 Kh8 25. Rg1 Bf6 26. Rde1 Rg8 27. Rxg8+
Kxg8 28. c3 Qd7 29. Nd2 Kh8 30. Qe4 Ng7 31. Qe2 Be7 32. Ne4 Qh3 33. Qg2 Qh5 34.
Rg1 Qf7 35. Ng5 Bxg5 36. Qxg5 Rg8 37. c4 Nf5 38. Qxg8+ Qxg8 39. Rxg8+ Kxg8 40.
Kg2 Kf7 41. Kh3 h5 42. Bc7 Ke7 43. c5 dxc5 44. Bxe5 Ne3 45. d6+ Ke6 46. Kh4 Nc4
47. Bxf4 Nxb2 48. Kxh5 Nxa4 49. Kg6 c4 50. h4 c3 51. h5 Nc5 52. h6 Nd7 53. Kg7
Nf6 54. Bg5 c2 55. d7 Nh5+ 56. Kg6 Kxd7 57. Kxh5 1-0

[Event "Titled Tue 26th Aug Late"]
[Site "chess.com INT"]
[Date "2025.08.26"]
[Round "1"]
[White "Liyanage, Pesandu Rashmitha"]
[Black "Ellison, Jeremy"]
[Result "1-0"]
[WhiteTitle "FM"]
[BlackTitle "CM"]
[WhiteElo "2165"]
[BlackElo "1819"]
[WhiteFideId "9947876"]
[BlackFideId "241000030"]
[EventDate "2025.08.26"]

1. d4 Nf6 2. h4 e6 3. Nc3 b6 4. e4 Bb7 5. e5 Ng8 6. Nf3 h6 7. Bd3 d5 8. exd6
Bxd6 9. Qe2 Nd7 10. Ne4 Ngf6 11. Nxd6+ cxd6 12. Bf4 Qe7 13. c3 Rc8 14. Ba6 Nf8
15. a4 Rc7 16. O-O Ng6 17. Bh2 O-O 18. a5 bxa5 19. Rxa5 Nd5 20. Rfa1 Ba8 21. h5
Ngf4 22. Qd1 Nxh5 23. Nd2 Nhf6 24. Nc4 Ne8 25. Qd2 f5 26. Re1 Rd7 27. Bb5 Rd8
28. Rea1 Qg5 29. Qxg5 hxg5 30. Bxe8 Rfxe8 31. Nxd6 Re7 32. Rxa7 Rxa7 33. Rxa7 f4
34. Ne4 Nb6 35. Nxg5 Nc4 36. Nxe6 Re8 37. Bxf4 Rxe6 38. Rxa8+ Kh7 39. b3 Nb2 40.
d5 Re1+ 41. Kh2 Rd1 42. d6 Nd3 43. Bg3 Nc5 44. b4 Ne6 45. Re8 Ng5 46. Re7 Kg6
47. c4 Nf7 48. c5 Kf6 49. b5 Rd5 50. Rc7 Ke6 51. b6 Nd8 52. Re7+ Kf6 53. b7 Nc6
54. Rc7 Nb8 55. Rc8 Na6 56. b8=Q Nxb8 57. Rxb8 Rxc5 58. Bh4+ Ke6 59. Bg3 Rh5+
60. Kg1 Rd5 61. Re8+ Kd7 62. Re7+ Kc6 63. Rxg7 Rd1+ 64. Kh2 Rd3 65. Rc7+ Kb6 66.
Rc2 Rd2 67. Rxd2 1-0

[Event "Titled Tue 26th Aug Late"]
[Site "chess.com INT"]
[Date "2025.08.26"]
[Round "1"]
[White "Fellowes, Billy"]
[Black "Zampronha, Wladimir Camilo"]
[Result "0-1"]
[WhiteTitle "CM"]
[WhiteElo "2122"]
[BlackElo "2157"]
[WhiteFideId "483540"]
[BlackFideId "2103087"]
[EventDate "2025.08.26"]

1. d4 Nf6 2. Nc3 d5 3. Bf4 a6 4. Nf3 e6 5. e3 c5 6. Be2 Nc6 7. a3 Be7 8. O-O O-O
9. dxc5 Bxc5 10. Ne5 Nxe5 11. Bxe5 Bd6 12. Bxd6 Qxd6 13. Kh1 e5 14. Qd2 Be6 15.
Rad1 Rac8 16. Bf3 Rfd8 17. h3 Qb6 18. b4 Qc7 19. Na4 Qxc2 20. Nc5 Qxd2 21. Rxd2
Rc7 22. Rfd1 Rdc8 23. g4 h6 24. Be2 Nd7 25. Nxe6 fxe6 26. f4 exf4 27. exf4 Nf6
28. Kg2 Rc2 29. Bd3 Rxd2+ 30. Rxd2 Kf7 31. b5 a5 32. f5 e5 33. Bb1 Ke7 34. Ba2
Kd6 35. h4 Rc5 36. g5 hxg5 37. hxg5 Ne4 38. Re2 Nxg5 39. Kg3 Ne4+ 40. Kh4 Nc3
41. Rg2 Nxa2 42. Rxa2 e4 43. Rg2 Rc7 44. Rg6+ Ke5 45. Kg4 Re7 46. b6 Kd4 47. Re6
Rd7 48. Kf4 Kc5 49. Rg6 a4 50. Re6 Kc4 51. Rg6 Kb3 52. Re6 Kxa3 53. Ke5 d4 54.
Kxe4 d3 55. f6 gxf6 56. Rxf6 d2 57. Rf3+ Kb2 58. Rf2 Kc1 59. Rf1+ d1=Q 60. Rxd1+
Kxd1 61. Ke5 a3 62. Ke6 Rd2 63. Ke5 a2 64. Ke4 a1=Q 65. Kf5 Qd4 0-1

[Event "Titled Tue 26th Aug Late"]
[Site "chess.com INT"]
[Date "2025.08.26"]
[Round "1"]
[White "Marn, Jan"]
[Black "Gabrielian, Artur"]
[Result "0-1"]
[WhiteTitle "FM"]
[BlackTitle "GM"]
[WhiteElo "2378"]
[BlackElo "2407"]
[WhiteFideId "14619245"]
[BlackFideId "4131002"]
[EventDate "2025.08.26"]

1. d4 Nf6 2. Nf3 e6 3. Bf4 d5 4. e3 Bd6 5. Bg3 O-O 6. Nbd2 c5 7. c3 Qc7 8. Ne5
Nc6 9. f4 b6 10. Bd3 a5 11. Qe2 Ne7 12. O-O Nf5 13. Bf2 Be7 14. g4 Nd6 15. Bh4
Nfe4 16. Bxe7 Qxe7 17. a4 f6 18. Nef3 Bb7 19. Kh1 Nxd2 20. Nxd2 e5 21. fxe5 fxe5
22. Rxf8+ Rxf8 23. Rf1 Re8 24. Qf2 Qd7 25. Qh4 e4 26. Be2 Qxa4 27. g5 Qd7 28.
Bg4 Qe7 29. Qh5 g6 30. Qh6 Nf7 31. Qh3 Nxg5 32. Qg3 Kg7 33. h4 Nf7 34. h5 Ng5
35. hxg6 hxg6 36. Kg2 Rh8 37. dxc5 bxc5 38. Nb3 d4 39. cxd4 cxd4 40. Nxd4 Bd5
41. Qf4 Rf8 42. Qxf8+ Qxf8 43. Rxf8 Kxf8 44. Kg3 Ke7 45. Kf4 Kf6 46. Nc2 Be6 47.
Be2 Bf5 48. Na3 Ne6+ 49. Kg3 Ke5 50. Nc4+ Kd5 51. Nxa5 Kc5 52. Nc4 Nc7 53. Ne5
Nd5 54. Kf2 Kb4 55. Bg4 Kb3 56. Bxf5 gxf5 57. Nf7 Kxb2 58. Nd6 Ne7 59. Kg3 Kc3
60. Nxf5 Nxf5+ 61. Kf4 Nd6 62. Ke5 Kd3 63. Kxd6 Kxe3 0-1

[Event "Titled Tue 26th Aug Late"]
[Site "chess.com INT"]
[Date "2025.08.26"]
[Round "1"]
[White "Loftgaard, Mikkel Vinh"]
[Black "Young, Cohen"]
[Result "1/2-1/2"]
[WhiteTitle "FM"]
[BlackTitle "CM"]
[WhiteElo "2281"]
[BlackElo "2030"]
[WhiteFideId "1468480"]
[BlackFideId "4317440"]
[EventDate "2025.08.26"]

1. e4 c5 2. Nf3 d6 3. Bb5+ Bd7 4. Bxd7+ Qxd7 5. O-O Nc6 6. c3 d5 7. exd5 Qxd5 8.
d4 g6 9. Re1 Bg7 10. Be3 Rd8 11. Qa4 cxd4 12. cxd4 Nf6 13. Nc3 Qa5 14. Qb3 Qb4
15. Qc2 O-O 16. Red1 Nd5 17. Nxd5 Rxd5 18. a3 Qd6 19. Rac1 Rd8 20. Qb3 e5 21.
Qxb7 exd4 22. Qxc6 dxe3 23. Qxd6 R5xd6 24. Rxd6 exf2+ 25. Kxf2 Rxd6 26. Rc8+ Bf8
27. Rc7 Bg7 28. Rc8+ Bf8 29. Ra8 Rc6 30. b4 Ra6 31. Ne5 Kg7 32. Nc4 Be7 33. g3
Kf6 34. Na5 h5 35. Kf3 Bd6 36. Rc8 Ke5 37. Rd8 Kd5 38. Rd7 Ke6 39. Rb7 g5 40. h3
f5 41. g4 hxg4+ 42. hxg4 fxg4+ 43. Kxg4 Bf4 44. Rh7 Kd5 45. Rd7+ Ke4 46. Re7+
Kd3 47. Rb7 Kc3 48. a4 Bd6 49. Kxg5 Bxb4 50. Rc7+ Kb2 51. Nc4+ Kb3 52. Kf5 Rxa4
53. Ne5 a5 54. Rb7 Ka2 55. Nc6 Ra3 56. Ke4 Bc3 57. Kd3 Bb2+ 58. Kd2 a4 59. Nb4+
Kb1 60. Nd3 Rxd3+ 61. Kxd3 a3 62. Ra7 a2 63. Kc4 a1=Q 64. Rxa1+ Bxa1 1/2-1/2

[Event "Titled Tue 26th Aug Late"]
[Site "chess.com INT"]
[Date "2025.08.26"]
[Round "1"]
[White "Zakarian, David"]
[Black "Aravindh, Chithambaram VR."]
[Result "0-1"]
[WhiteTitle "FM"]
[BlackTitle "GM"]
[WhiteElo "2301"]
[BlackElo "2723"]
[WhiteFideId "13301276"]
[BlackFideId "5072786"]
[EventDate "2025.08.26"]

1. Nf3 Nf6 2. g3 g6 3. Bg2 Bg7 4. O-O O-O 5. d4 d5 6. c4 dxc4 7. Qc2 b5 8. a4
Bf5 9. Qd1 c6 10. Nh4 Be4 11. f3 Bxb1 12. Rxb1 a6 13. e4 Qb6 14. Be3 e5 15. f4
exf4 16. gxf4 Re8 17. e5 Nd5 18. Bxd5 cxd5 19. Qf3 Nc6 20. Rbd1 Qd8 21. Qg3 f5
22. Kh1 Re6 23. Rg1 Ne7 24. Nf3 h6 25. h4 b4 26. h5 Rc8 27. Nh4 c3 28. bxc3 Rxc3
29. Rc1 Rec6 30. Rxc3 Rxc3 31. Nxg6 Nxg6 32. hxg6 b3 33. Qh3 Qc8 34. Rb1 Qe6 35.
Qf3 Qxg6 36. Rg1 Qf7 37. Qe2 Kh7 38. Kh2 Rc2 39. Bd2 b2 40. Qd3 Qh5+ 41. Kg2
Qg4+ 42. Kh2 Qxg1+ 43. Kxg1 b1=Q+ 44. Kh2 Rxd2+ 45. Qxd2 Qe4 46. Qf2 h5 47. Qd2
Bh6 48. Kg3 h4+ 49. Kxh4 Qxf4+ 50. Qxf4 Bxf4 51. e6 Kg6 52. e7 Kf7 53. Kh5 Kxe7
54. Kg6 Ke6 55. Kh5 Be3 0-1

[Event "Titled Tue 26th Aug Late"]
[Site "chess.com INT"]
[Date "2025.08.26"]
[Round "1"]
[White "Jahnz, Laurin"]
[Black "Kona, Vidip"]
[Result "0-1"]
[WhiteTitle "CM"]
[WhiteElo "2219"]
[BlackElo "2145"]
[WhiteFideId "16261089"]
[BlackFideId "30990440"]
[EventDate "2025.08.26"]

1. e4 c6 2. Nc3 d5 3. Nf3 dxe4 4. Nxe4 Nf6 5. Qe2 Nxe4 6. Qxe4 Nd7 7. d4 Nf6 8.
Qd3 e6 9. Be2 Bd6 10. Bg5 h6 11. Bh4 Bd7 12. Bg3 Qe7 13. Bxd6 Qxd6 14. O-O-O c5
15. dxc5 Qxc5 16. Qd4 Qxd4 17. Rxd4 Bc6 18. Ne5 Bd5 19. Bb5+ Ke7 20. c4 Rac8 21.
Kb1 Bxg2 22. Rg1 Be4+ 23. Ka1 g6 24. f3 Bf5 25. Rgd1 a6 26. Ba4 Rc7 27. h4 Rhc8
28. a3 Kf8 29. b4 Kg7 30. Kb2 b5 31. Bb3 bxc4 32. Rxc4 Rxc4 33. Bxc4 a5 34. Kb3
axb4 35. axb4 g5 36. hxg5 hxg5 37. Rg1 Nh7 38. b5 f6 39. Nd7 Nf8 40. Nxf8 Kxf8
41. Kb4 Ke7 42. b6 Rb8 43. Kb5 e5 44. Bd5 Kd6 45. Rd1 Bd7+ 46. Ka6 Kc5 47. b7
Ba4 48. Rd2 Rd8 49. Ka7 Bc6 50. b8=Q Rxb8 51. Kxb8 Bxd5 52. Kc7 Bxf3 53. Rf2 e4
54. Kd7 g4 55. Ke6 g3 56. Rc2+ Kd4 57. Kxf6 g2 58. Rc1 Ke3 59. Kg5 Kf2 60. Kf4
g1=Q 61. Rc2+ Be2 62. Kxe4 Qg6+ 63. Kd5 Qxc2 0-1

[Event "Titled Tue 26th Aug Late"]
[Site "chess.com INT"]
[Date "2025.08.26"]
[Round "1"]
[White "Demaria, Juan Pablo"]
[Black "Dubnevych, Maksym"]
[Result "1/2-1/2"]
[WhiteTitle "FM"]
[BlackTitle "FM"]
[WhiteElo "2215"]
[BlackElo "2296"]
[WhiteFideId "104922"]
[BlackFideId "14184001"]
[EventDate "2025.08.26"]

1. e4 e5 2. Nf3 Nc6 3. Bb5 a6 4. Ba4 Bc5 5. O-O Nge7 6. c3 Ng6 7. d4 Ba7 8. Re1
O-O 9. h3 d5 10. exd5 Qxd5 11. Bb3 Qd6 12. dxe5 Qxd1 13. Rxd1 Ncxe5 14. Nxe5
Nxe5 15. Bf4 Re8 16. Bxe5 Bf5 17. Bxc7 Re2 18. Bg3 Rxb2 19. Nd2 Rc8 20. Nc4 Re2
21. Nd6 Rxc3 22. Nxf5 h5 23. Kh2 Bxf2 24. Bxf2 Rxf2 25. Ne7+ Kf8 26. Nd5 Rc6 27.
Rf1 Rd2 28. Nf4 h4 29. Rae1 Rf6 30. Nd5 Rg6 31. Ne3 f6 32. Rf4 Rh6 33. Ng4 Rh5
34. Rfe4 Rd8 35. Re7 Rhd5 36. Rf7+ Kxf7 37. Bxd5+ Rxd5 38. Rb1 b5 39. Ne3 Rd2
40. Nf5 Rxa2 41. Nxh4 Ra4 42. Nf5 b4 43. Nd4 a5 44. Nc6 g5 45. Kg3 Kg6 46. Kh2
Ra3 47. Nxb4 axb4 48. Rxb4 Ra2 49. Rb6 Kf5 50. Rb5+ Kg6 51. Rb6 Rf2 52. Rb5 Kh5
53. Rb6 f5 54. Rc6 Rb2 55. Rd6 f4 56. Kg1 Kh4 57. Rd5 Ra2 58. Rc5 Kg3 59. Rxg5+
Kh4 60. Rg4+ Kh5 61. Rxf4 Kg5 62. Rf2 Ra1+ 63. Kh2 Ra3 64. g3 Ra1 65. Kg2 Ra3
66. Rc2 Rb3 67. Rc5+ Kf6 68. h4 Kg6 69. Kh3 Rb4 70. h5+ Kh6 71. g4 Rb1 72. Rc6+
Kg5 73. Rg6+ Kf4 74. Rf6+ Kg5 75. Rf5+ Kh6 76. Rf3 Kg5 77. Kg3 Rg1+ 78. Kh3 Rxg4
79. Rg3 Rxg3+ 80. Kxg3 Kxh5 1/2-1/2

[Event "Titled Tue 26th Aug Late"]
[Site "chess.com INT"]
[Date "2025.08.26"]
[Round "1"]
[White "Przybylski, Wojciech"]
[Black "Bortnyk, Olexandr"]
[Result "1/2-1/2"]
[WhiteTitle "FM"]
[BlackTitle "GM"]
[WhiteElo "2340"]
[BlackElo "2601"]
[WhiteFideId "1117599"]
[BlackFideId "14120828"]
[EventDate "2025.08.26"]

1. d4 Nf6 2. Nf3 b6 3. g3 Bb7 4. Bg2 g6 5. O-O Bg7 6. Re1 O-O 7. Nbd2 d5 8. c4
e6 9. b3 Na6 10. Bb2 c5 11. e3 Qe7 12. Ne5 Rfd8 13. Qe2 dxc4 14. Ndxc4 Bxg2 15.
Kxg2 Rac8 16. Red1 cxd4 17. Bxd4 Nb4 18. Rac1 Qb7+ 19. Kg1 Qa6 20. a3 Nbd5 21.
a4 Ne7 22. Qb2 Nf5 23. Bc3 Ne4 24. Be1 h5 25. f3 Ng5 26. Kg2 Rxd1 27. Rxd1 Nxe3+
28. Nxe3 Bxe5 29. Qxe5 Qe2+ 30. Bf2 Qxf3+ 31. Kf1 Nh3 32. Qb2 e5 33. Re1 Rd8 34.
Ng2 e4 35. Qe2 Ng5 36. Qxf3 Nxf3 37. Rc1 Nxh2+ 38. Ke2 Nf3 39. Be3 g5 40. Rc6
Kg7 41. Rc7 Rd6 42. Ne1 Nxe1 43. Kxe1 Kg6 44. Rxa7 Rd3 45. Ke2 Rxb3 46. Ra6 Ra3
47. Rxb6+ f6 48. Rb4 Kf5 49. Bd4 h4 50. gxh4 gxh4 51. Rb6 Rxa4 52. Rxf6+ Kg5 53.
Be5 Ra5 54. Bd4 Rd5 55. Bc3 Rd3 56. Be5 h3 57. Rf8 Ra3 58. Rg8+ Kf5 59. Bd6 Ra6
60. Bc7 Ra7 61. Bg3 Ra2+ 62. Ke3 Rg2 63. Rf8+ Ke6 64. Bf4 h2 65. Rh8 Kf5 66.
Rh5+ Kg4 67. Rxh2 Rxh2 68. Bxh2 Kf5 69. Bf4 Ke6 70. Kxe4 1/2-1/2

[Event "Titled Tue 26th Aug Late"]
[Site "chess.com INT"]
[Date "2025.08.26"]
[Round "1"]
[White "Kurpiewski, Slawomir"]
[Black "Cevizci, Yusuf Baran"]
[Result "0-1"]
[WhiteTitle "CM"]
[BlackTitle "CM"]
[WhiteElo "1973"]
[BlackElo "2094"]
[WhiteFideId "1114530"]
[BlackFideId "34565400"]
[EventDate "2025.08.26"]

1. f4 Nf6 2. Nf3 d5 3. g3 c5 4. d3 Nc6 5. Bg2 h6 6. O-O Bf5 7. Nh4 Bg4 8. h3 Bd7
9. e4 e6 10. e5 Ng8 11. Nf3 Nge7 12. g4 h5 13. c3 Qc7 14. d4 c4 15. Na3 a6 16.
Nc2 hxg4 17. hxg4 O-O-O 18. Ne3 g6 19. Bd2 Bh6 20. Nc2 Kb8 21. Kf2 Nc8 22. Qe2
f6 23. Rh1 fxe5 24. fxe5 Bxd2 25. Qxd2 Rhf8 26. Kg3 N8e7 27. Rh7 Qb6 28. Ne3
Rde8 29. Rah1 Bc8 30. Ng5 Qc7 31. Nf7 Ka7 32. Nd6 Rd8 33. b4 Rxd6 34. exd6 Qxd6+
35. Kh3 g5 36. Rf1 Rg8 37. Rff7 Ng6 38. Bf3 Nf4+ 39. Kg3 e5 40. Kf2 e4 41. Be2
Nd8 42. Rfg7 Rf8 43. Ke1 Nd3+ 44. Kd1 Nc6 45. Bxd3 cxd3 46. Nf5 Qf4 47. Qxf4
gxf4 48. Nd6 e3 49. Nxc8+ Rxc8 50. Rxb7+ Ka8 51. Rbf7 Re8 52. Ke1 e2 53. Rh1 Rc8
54. Kd2 a5 55. Rxf4 axb4 56. cxb4 Nxb4 57. Rb1 Rc2+ 58. Ke3 Rb2 59. Rf8+ Ka7 60.
Rxb2 e1=Q+ 61. Kf4 Qf1+ 62. Ke5 Qxf8 63. a3 Qe7+ 64. Kf5 Nc6 65. Rb5 Nxd4+ 66.
Kg6 Nxb5 67. g5 Nd6 68. a4 Qf7+ 69. Kh6 Nf5# 0-1

[Event "Titled Tue 26th Aug Late"]
[Site "chess.com INT"]
[Date "2025.08.26"]
[Round "1"]
[White "Gkavardinas, Antonios"]
[Black "Yagiz, Yasin Emrah"]
[Result "1-0"]
[WhiteTitle "FM"]
[BlackTitle "FM"]
[WhiteElo "2297"]
[BlackElo "2107"]
[WhiteFideId "25883097"]
[BlackFideId "6303684"]
[EventDate "2025.08.26"]

1. b3 Nf6 2. Bb2 g6 3. c4 Bg7 4. Nf3 c5 5. g3 O-O 6. Bg2 Nc6 7. O-O d5 8. cxd5
Qxd5 9. Ne5 Qe6 10. Nxc6 bxc6 11. Nc3 Ba6 12. d3 Nd5 13. Rc1 Rac8 14. Qd2 Nxc3
15. Bxc3 Bd4 16. Rc2 Bb7 17. e3 Bxc3 18. Rxc3 Qd6 19. Rfc1 Rfd8 20. Rxc5 Qxd3
21. Qxd3 Rxd3 22. Bxc6 Bxc6 23. Rxc6 Rd1+ 24. Rxd1 Rxc6 25. Rd7 Ra6 26. a4 e6
27. Rb7 Kg7 28. Kg2 Kf6 29. h4 h5 30. Kf3 e5 31. Ke2 e4 32. Rb4 Kf5 33. Rb5+ Ke6
34. a5 Kd6 35. b4 f5 36. Rb7 Kc6 37. Rb8 Kd5 38. Rc8 Kd6 39. Kd2 Kd5 40. Kc3 Re6
41. Rd8+ Kc6 42. Kc4 a6 43. Rc8+ Kb7 44. Rg8 Rc6+ 45. Kd5 Rf6 46. Rg7+ Kb8 47.
Kc5 Re6 48. Rd7 Kc8 49. Rd6 Re5+ 50. Kc6 Rb5 51. Rxg6 Kb8 52. Rg8+ Ka7 53. Rg7+
Ka8 54. Rh7 Rxb4 55. Rxh5 Rb5 56. Rh8+ Ka7 57. Rh7+ Ka8 58. h5 Rxa5 59. h6 Re5
60. Rd7 Re6+ 61. Rd6 Re7 62. Rd8+ Ka7 63. Rd7+ Rxd7 64. Kxd7 a5 65. h7 a4 66.
h8=Q a3 67. Qc3 a2 68. Qa3+ Kb6 69. Qxa2 Kc5 70. Qe6 Kb4 71. Qxf5 Kc3 72. Qxe4
Kd2 73. f4 Ke2 74. g4 1-0

[Event "Titled Tue 26th Aug Late"]
[Site "chess.com INT"]
[Date "2025.08.26"]
[Round "1"]
[White "Garcia Correa, Jose Ricardo"]
[Black "Shafer, Logan C"]
[Result "0-1"]
[WhiteTitle "FM"]
[BlackTitle "CM"]
[WhiteElo "2103"]
[BlackElo "2234"]
[WhiteFideId "5101832"]
[BlackFideId "30993342"]
[EventDate "2025.08.26"]

1. e4 c6 2. d4 d5 3. Nc3 dxe4 4. Nxe4 Nf6 5. Ng5 h6 6. N5f3 Bf5 7. Bd3 Bxd3 8.
Qxd3 Nbd7 9. Ne2 e6 10. Bd2 Bd6 11. Ng3 Qc7 12. O-O O-O-O 13. a4 h5 14. Rfe1 h4
15. Nf1 e5 16. dxe5 Nxe5 17. Qf5+ Ned7 18. h3 g6 19. Qd3 Kb8 20. Bc3 Rh5 21. Qc4
Nd5 22. Nxh4 Nxc3 23. bxc3 Ne5 24. Rxe5 Bxe5 25. Nf3 Bf6 26. a5 Qd6 27. a6 Qd5
28. Qf4+ Be5 29. Nxe5 Qxe5 30. Qxf7 Qc7 31. Qxg6 Rhh8 32. axb7 Rhg8 33. Qf5 Rdf8
34. Qc5 Qxb7 35. Ra3 Ka8 36. Rb3 Qd7 37. Ng3 Rf7 38. Kh2 Qd5 39. Qe3 Rgf8 40.
Ne4 Qe5+ 41. Kg1 Rg7 42. Qd4 Qc7 43. Ra3 Rfg8 44. Ng3 Rd7 45. Qc4 Re8 46. Ra6
Rd6 47. Qc5 Red8 48. Kh2 Rd5 49. Qxc6+ Qxc6 50. Rxc6 a5 51. h4 Kb7 52. Rc4 Kb6
53. Ne4 Kb5 54. Rc7 Kb6 55. Rc4 Kb5 56. Rc7 Re5 57. c4+ Kb6 58. Rf7 Rxe4 59. h5
Rxc4 60. h6 Rxc2 61. h7 Rh8 62. g4 Rc5 63. Kg3 a4 64. f4 a3 65. g5 a2 66. g6
a1=Q 67. g7 Qg1+ 68. Kf3 Rc3+ 69. Ke4 Qe3+ 70. Kf5 Rc5+ 71. Kg4 Qe6+ 72. Kf3
Rxh7 73. g8=Q Rxf7 74. Qb8+ Ka5 75. Qa7+ Rxa7 0-1